[Event "Grand Prix Moscow 2019"]
[Site "Moscow"]
[Date "2019.05.19"]
[Round "1.3"]
[White "So, Wesley"]
[Black "Duda, Jan-Krzysztof"]
[Result "1-0"]
[WhiteElo "2754"]
[BlackElo "2728"]
[Annotator "TA"]
[PlyCount "87"]
[EventDate "2019.05.17"]
[EventType "k.o."]
[EventCountry "RUS"]
[SourceTitle "playchess.com"]
[Source "ChessBase"]
[SourceQuality "1"]

{[%evp 12,87,22,14,25,6,6,8,19,16,22,3,14,7,0,1,19,8,8,12,27,13,26,6,24,32,43,24,43,41,35,33,191,141,139,45,44,37,37,24,43,52,27,8,11,8,13,11,11,13,15,0,6,6,6,7,46,38,44,0,648,636,640,614,737,729,838,826,836,833,829,824,822,844,897,889,900,889]} 1. e4 e5 2. Nf3 Nc6 3. Bc4 Bc5 4. c3 Nf6 5. d3 d6 6. O-O O-O 7. Re1 a5 {C54: Giuoco Piano: 4 c3 Nf6, main lines with 5 d4 and 5 d3} 8. Nbd2 (8. h3 h6 9. Nbd2 Be6 10. Bb5 Qb8 11. Bxc6 bxc6 12. d4 exd4 13. cxd4 Bb4 14. a3 Bxd2 15. Nxd2 {½-½ (43) Giri,A (2797)-Ding,L (2809) Shenzhen 2019}) 8... Be6 9. Bb5 Ne7 {The position is equal.} 10. d4 $146 ({Predecessor:} 10. Nf1 c6 11. Ba4 b5 12. Bc2 Ng6 13. d4 Bb6 14. Ng3 {1-0 (52) Sardana,R (2398)-Mosadeghpour,M (2520) Mumbai 2019}) 10... Ba7 11. Nf1 Ng6 12. Ng3 c6 13. Bd3 a4 14. h3 b5 15. Be3 Bb6 16. Qd2 Re8 17. a3 Rb8 18. Rad1 Bc7 19. Bc2 h6 20. Nf5 Bxf5 21. exf5 Nf8 $2 (21... Ne7 $1 $14) 22. dxe5 dxe5 {[#]} 23. Qxd8 (23. Bxh6 $1 $16 {Black must now prevent Qg5!} Qxd2 24. Bxd2) 23... Rbxd8 $14 24. c4 N8d7 25. g4 Rb8 26. cxb5 cxb5 27. Kg2 (27. Bd2 {looks sharper.} e4 28. Nd4 Be5 29. Bc3 Nc5 30. Kf1) 27... Nb6 28. Bxb6 Rxb6 29. Be4 Bd6 30. Re2 Kf8 31. Bc2 e4 32. Nd2 {[%cal Rd2e4]} Be5 33. Rb1 Rc6 34. Bxe4 Bd4 35. Nf3 Bxf2 $2 {[%mdl 8192]} (35... Bb6 $11 36. Bd3 (36. Bxc6 Rxe2 37. Kh1 Rxf2 $15) 36... Rxe2 37. Bxe2 Rc2) 36. Bxc6 $18 {[%mdl 64] [#] Discovered Attack. White is clearly winning.} Rxe2 37. Bxb5 {[%mdl 64] Double Attack} Re3 38. Kxf2 Rb3 39. Bxa4 Ne4+ 40. Kg2 Rb8 41. Bc2 Nd6 42. b4 Rc8 43. Bb3 Rc3 44. a4 {Accuracy: White = 53%, Black = 58%.} 1-0

[Event "Grand Prix Moscow 2019"]
[Site "Moscow"]
[Date "2019.05.17"]
[Round "1.3"]
[White "Duda, Jan-Krzysztof"]
[Black "So, Wesley"]
[Result "1-0"]
[WhiteElo "2728"]
[BlackElo "2754"]
[Annotator "TA"]
[PlyCount "49"]
[EventDate "2019.05.17"]
[EventType "k.o."]
[EventCountry "RUS"]
[SourceTitle "playchess.com"]
[Source "ChessBase"]
[SourceQuality "1"]

{[%evp 13,49,45,38,12,8,8,9,24,66,64,40,69,78,75,90,105,78,93,103,79,102,115,107,101,125,118,141,121,189,181,201,201,251,239,452,441,409,287]} 1. e4 e5 2. Nf3 Nc6 3. Bc4 Bc5 4. c3 Nf6 5. d3 O-O 6. O-O d5 7. exd5 Nxd5 8. a4 {C54: Giuoco Piano: 4 c3 Nf6, main lines with 5 d4 and 5 d3} (8. Re1 Bg4 9. Nbd2 Nb6 10. h3 Bh5 11. Bb3 Qxd3 12. Nxe5 Bxd1 13. Nxd3 Bxb3 14. axb3 Be7 15. b4 a6 16. Ne4 Nd7 {1-0 (40) Giri,A (2797)-Harikrishna,P (2723) Shenzhen 2019}) 8... a6 9. Re1 Bg4 10. Nbd2 {The position is equal.} Kh8 $146 ({Predecessor:} 10... Ba7 11. h3 Bh5 12. Ne4 f6 13. b4 Nce7 14. Bd2 Kh8 15. Ng3 Bf7 {½-½ (41) Bacrot,E (2678)-Matlakov,M (2683) Bastia 2018}) 11. h3 Bh5 12. Ne4 Ba7 {[#]} 13. Ng3 $1 $36 {[%cal Rg3h5][%mdl 2048] Black is under strong pressure.} Bg6 14. Nxe5 Nxe5 15. Rxe5 Nb6 16. Qf3 c6 17. Bf4 Bb8 18. Ree1 Nxc4 19. dxc4 Qh4 20. Ne2 Ba7 (20... Re8 $16 {keeps fighting.}) 21. Bd6 $18 Rfe8 22. Nf4 Bc2 23. c5 a5 $2 {[#]} (23... f5 24. b4 Qf6) 24. Re2 Bb3 25. Ra3 {Accuracy: White = 66%, Black = 25%.} 1-0

[Event "Grand Prix Moscow 2019"]
[Site "Moscow"]
[Date "2019.05.19"]
[Round "1.4"]
[White "Radjabov, Teimour"]
[Black "Nakamura, Hikaru"]
[Result "1/2-1/2"]
[WhiteElo "2759"]
[BlackElo "2761"]
[Annotator "TA"]
[PlyCount "60"]
[EventDate "2019.05.17"]
[EventType "k.o."]
[EventCountry "RUS"]
[SourceTitle "playchess.com"]
[Source "ChessBase"]
[SourceQuality "1"]

{[%evp 18,60,22,19,16,11,29,28,30,20,30,39,51,12,7,0,0,0,4,0,11,7,6,0,0,0,46,0,12,-16,-18,-8,0,0,0,0,0,0,0,0,0,0,0,0,0]} 1. d4 Nf6 2. c4 e6 3. Nf3 d5 4. Nc3 Be7 5. Bf4 O-O 6. e3 c5 7. dxc5 Bxc5 8. cxd5 Nxd5 9. Nxd5 exd5 10. Bd3 Bb4+ {D37: Queen's Gambit Declined: 5 Bf4} 11. Nd2 d4 {[#] aiming for ...dxe3.} 12. Qc2 Nc6 {White has an edge.} 13. O-O {[#]} dxe3 $146 ({Predecessor:} 13... g6 14. Be4 dxe3 15. Bxe3 Nd4 16. Qc4 Bxd2 17. Bxd4 Re8 18. Rad1 {½-½ (33) Grischuk,A (2766)-Nakamura,H (2777) Saint Louis 2018}) 14. Bxe3 ({Reject} 14. Bxh7+ Kh8 $17) 14... h6 15. Nf3 Bg4 16. Bh7+ Kh8 {[#] And now ...f5 would win.} 17. Be4 Rc8 $1 {[%cal Ba8c8,Bc8c7,Bc7e7,Be7e6][%mdl 32]} 18. Bf5 Bxf5 19. Qxf5 Qa5 20. Qd7 Rc7 21. Qh3 Re8 22. Rad1 Bf8 {The position is equal.} 23. Bf4 Rce7 24. a3 Qb5 25. b4 a5 26. Bd6 Re6 27. Bxf8 Rxf8 28. bxa5 Qxa5 29. Rd7 Rf6 30. Rxb7 Qxa3 {Accuracy: White = 54%, Black = 56%.} 1/2-1/2

[Event "Grand Prix Moscow 2019"]
[Site "Moscow"]
[Date "2019.05.17"]
[Round "1.4"]
[White "Karjakin, Sergey"]
[Black "Grischuk, Alexander"]
[Result "1/2-1/2"]
[WhiteElo "2752"]
[BlackElo "2772"]
[Annotator "TA"]
[PlyCount "27"]
[EventDate "2019.05.17"]
[EventType "k.o."]
[EventCountry "RUS"]
[SourceTitle "playchess.com"]
[Source "ChessBase"]
[SourceQuality "1"]

{[%evp 9,27,0,21,4,15,-2,-8,-6,12,13,12,0,0,0,0,1,8,0,0,0]} 1. d4 Nf6 2. c4 e6 3. Nf3 d5 4. Nc3 c6 5. e3 Nbd7 {The position is equal.} 6. a4 {D45: Semi-Slav: 5 e3} (6. Bd3 dxc4 7. Bxc4 b5 8. Bd3 a6 9. e4 c5 10. e5 cxd4 11. Nxb5 axb5 12. exf6 gxf6 13. O-O Qb6 14. Qe2 b4 15. Bf4 h5 16. Rfc1 Bc5 17. a4 bxa3 18. bxa3 Ba6 19. Rab1 Bxd3 20. Qxd3 Rxa3 21. Qxa3 Bxa3 22. Rxb6 Bxc1 {1-0 (45) Navara,D (2739)-Ding,L (2812) Shamkir 2019}) 6... Bd6 7. a5 O-O 8. Be2 e5 9. cxd5 $146 ({Predecessor:} 9. O-O e4 10. Nd2 Nb8 11. f3 Re8 12. fxe4 dxe4 13. b3 Qe7 {1-0 (60) Riazantsev,A (2671)-Potkin,V (2599) Sochi 2015}) 9... cxd5 10. dxe5 Nxe5 11. O-O Bc7 12. Qb3 Nc6 13. a6 bxa6 14. Qa4 1/2-1/2

[Event "Grand Prix Moscow 2019"]
[Site "Moscow"]
[Date "2019.05.19"]
[Round "1.4"]
[White "Duda, Jan-Krzysztof"]
[Black "So, Wesley"]
[Result "1/2-1/2"]
[WhiteElo "2728"]
[BlackElo "2754"]
[Annotator "ChessBase"]
[PlyCount "136"]
[EventDate "2019.05.17"]
[EventType "k.o."]
[EventCountry "RUS"]
[SourceTitle "playchess.com"]
[Source "ChessBase"]
[SourceQuality "1"]
[TimeControl "1500+10"]

1. e4 {[%emt 0:00:00]} e5 {[%emt 0:00:00]} 2. Nf3 {[%emt 0:00:00]} Nc6 {[%emt 0:00:00]} 3. Bc4 {[%emt 0:00:00]} Bc5 {[%emt 0:00:01]} 4. c3 {[%emt 0:00:00]} Nf6 {[%emt 0:00:02]} 5. d3 {[%emt 0:00:00]} O-O {[%emt 0:00:02]} 6. a4 {[%emt 0:00:01]} d5 {[%emt 0:00:29]} 7. exd5 {[%emt 0:00:02]} Nxd5 {[%emt 0:00:02]} 8. a5 {[%emt 0:00:02]} a6 {[%emt 0:00:14]} 9. Nbd2 {[%emt 0:00:03]} f6 {[%emt 0:01:47]} 10. Ne4 {[%emt 0:01:04]} Ba7 {[%emt 0:00:10]} 11. Qb3 {[%emt 0:01:54]} Nce7 {[%emt 0:00:03]} 12. O-O {[%emt 0:01:26]} Kh8 {[%emt 0:00:07]} 13. h3 {[%emt 0:00:58]} b5 {[%emt 0:03:16]} 14. axb6 {[%emt 0:00:08]} cxb6 {[%emt 0:00:03]} 15. d4 {[%emt 0:01:32]} exd4 {[%emt 0:02:34]} 16. Nxd4 {[%emt 0:00:49]} b5 {[%emt 0:00:03]} 17. Bd3 {[%emt 0:00:33]} b4 {[%emt 0:01:50]} 18. Rd1 {[%emt 0:01:59]} bxc3 {[%emt 0:01:49]} 19. bxc3 {[%emt 0:00:08]} Rb8 {[%emt 0:00:37]} 20. Qa3 {[%emt 0:01:54]} Bxd4 {[%emt 0:03:27]} 21. cxd4 {[%emt 0:00:03]} Nc6 {[%emt 0:00:10]} 22. Bc4 {[%emt 0:01:45]} Ncb4 {[%emt 0:00:36]} 23. Qg3 {[%emt 0:00:11]} Rb6 {[%emt 0:02:31]} 24. Nc5 {[%emt 0:01:38]} Qd6 {[%emt 0:01:31]} 25. Qf3 {[%emt 0:00:22]} Rd8 {[%emt 0:00:29]} 26. Bb3 {[%emt 0:01:39]} Be6 {[%emt 0:01:10]} 27. Re1 {[%emt 0:01:53]} Bg8 {[%emt 0:00:18]} 28. Re4 {[%emt 0:00:11]} a5 {[%emt 0:01:32]} 29. Bd2 {[%emt 0:01:04]} Nc6 {[%emt 0:00:13]} 30. Bxa5 {[%emt 0:00:52]} Ra8 {[%emt 0:00:54]} 31. Bc3 {[%emt 0:00:09]} Rab8 {[%emt 0:00:01]} 32. Bc2 {[%emt 0:02:15]} Ndb4 {[%emt 0:00:44]} 33. Ba4 {[%emt 0:01:58]} Bd5 {[%emt 0:00:43]} 34. Qf4 {[%emt 0:00:20]} Qxf4 {[%emt 0:00:38]} 35. Rxf4 {[%emt 0:00:02]} Ra8 {[%emt 0:00:01]} 36. Re1 {[%emt 0:00:31]} h6 {[%emt 0:00:20]} 37. Rg4 {[%emt 0:00:46]} Na2 {[%emt 0:00:48]} 38. Bd2 {[%emt 0:00:25]} Rb2 {[%emt 0:00:01]} 39. Bxh6 {[%emt 0:00:54]} gxh6 {[%emt 0:00:01]} 40. Bxc6 {[%emt 0:00:02]} Bxc6 {[%emt 0:00:01]} 41. Re6 {[%emt 0:00:05]} h5 {[%emt 0:00:19]} 42. Rg3 {[%emt 0:00:21]} Nc1 {[%emt 0:00:43]} 43. Rxc6 {[%emt 0:01:22]} Ne2+ {[%emt 0:00:01]} 44. Kh2 {[%emt 0:00:01]} Nxg3 {[%emt 0:00:02]} 45. Kxg3 {[%emt 0:00:01]} h4+ {[%emt 0:00:41]} 46. Kxh4 {[%emt 0:00:25]} Rxf2 {[%emt 0:00:02]} 47. g4 {[%emt 0:00:01]} Kg7 {[%emt 0:00:38]} 48. Kg3 {[%emt 0:00:54]} Rd2 {[%emt 0:00:10]} 49. Rxf6 {[%emt 0:00:13]} Ra3+ {[%emt 0:00:20]} 50. Rf3 {[%emt 0:00:03]} Rxf3+ {[%emt 0:00:06]} 51. Kxf3 {[%emt 0:00:01]} Kf7 {[%emt 0:00:04]} 52. Kf4 {[%emt 0:00:27]} Rxd4+ {[%emt 0:00:04]} 53. Ne4 {[%emt 0:00:02]} Ke6 {[%emt 0:00:26]} 54. Ke3 {[%emt 0:00:10]} Rd1 {[%emt 0:00:26]} 55. h4 {[%emt 0:00:11]} Ke5 {[%emt 0:00:16]} 56. Ng5 {[%emt 0:00:11]} Re1+ {[%emt 0:00:01]} 57. Kf3 {[%emt 0:00:15]} Ra1 {[%emt 0:00:02]} 58. Nf7+ {[%emt 0:00:05]} Kf6 {[%emt 0:00:13]} 59. Nd6 {[%emt 0:00:01]} Ke5 {[%emt 0:00:02]} 60. Nc4+ {[%emt 0:00:03]} Kd4 {[%emt 0:00:01]} 61. Nd6 {[%emt 0:00:31]} Ke5 {[%emt 0:00:02]} 62. Nf7+ {[%emt 0:00:04]} Kf6 {[%emt 0:00:01]} 63. Nd6 {[%emt 0:00:16]} Ke5 {[%emt 0:00:01]} 64. Nc4+ {[%emt 0:00:01]} Kd4 {[%emt 0:00:01]} 65. Nd2 {[%emt 0:00:06]} Ke5 {[%emt 0:00:02]} 66. g5 {[%emt 0:00:12]} Kf5 {[%emt 0:00:24]} 67. Nc4 {[%emt 0:00:02]} Kg6 {[%emt 0:00:53]} 68. Ne3 {[%emt 0:00:19]} Ra3 1/2-1/2

[Event "Grand Prix Moscow 2019"]
[Site "Moscow"]
[Date "2019.05.17"]
[Round "1.5"]
[White "Nepomniachtchi, Ian"]
[Black "Aronian, Levon"]
[Result "1-0"]
[WhiteElo "2773"]
[BlackElo "2762"]
[Annotator "TA"]
[PlyCount "143"]
[EventDate "2019.05.17"]
[EventType "k.o."]
[EventCountry "RUS"]
[SourceTitle "playchess.com"]
[Source "ChessBase"]
[SourceQuality "1"]

{[%evp 20,143,16,14,14,14,16,18,15,15,15,16,14,16,15,10,71,45,44,56,39,38,53,56,78,80,80,81,97,32,32,32,33,37,41,23,31,0,0,0,46,46,46,28,28,28,28,28,50,39,62,28,28,28,67,28,50,56,120,62,64,0,121,114,281,260,452,291,291,291,291,291,283,283,283,279,276,271,366,366,372,200,237,237,385,247,247,247,370,252,252,252,245,237,237,237,237,8,8,8,8,8,8,8,8,8,12,20,237,8,8,8,8,0,8,0,21,21,237,237,1490,1490,1420,1347,1035,957]} 1. e4 e5 2. Nf3 Nc6 3. Bb5 a6 4. Ba4 Nf6 5. O-O Be7 6. Re1 b5 7. Bb3 O-O 8. d4 Nxd4 9. Bxf7+ Rxf7 10. Nxe5 Rf8 11. Qxd4 Bb7 {C88: Closed Ruy Lopez: Anti-Marshall Systems} 12. Nc3 c5 13. Qd1 b4 {The position is equal.} 14. Nd5 Nxd5 15. exd5 Bd6 16. c4 (16. f4 Bxe5 17. fxe5 Qh4 18. Be3 Qc4 19. b3 Qxd5 20. Qxd5+ Bxd5 {½-½ (31) Amin,B (2609)-Leko,P (2717) Ningbo 2011}) 16... bxc3 $1 ({Much weaker is} 16... Qh4 $6 17. g3 $16) 17. bxc3 a5 $146 ({Don't play} 17... Qh4 $6 18. g3 $16) (17... Qf6 $11 18. f4 Rae8) ({Predecessor:} 17... Bxe5 18. Rxe5 Rxf2 19. Be3 {0-1 (29) Rodriguez Regull,G (2025)-Delisau Gil,O (1976) Barcelona 2012}) 18. Nf3 $36 {[%mdl 2048] White has the initiative.} Qf6 19. Bg5 Qg6 {Black wants to play ...Rxf3!} 20. Be7 Bxe7 $1 21. Rxe7 Qd6 {[%mdl 64] Double Attack} 22. Qe2 $1 Bxd5 23. Rd1 Rab8 24. Ne1 (24. h3 $16) 24... Qc6 $1 $14 {[#]} 25. Qe5 $1 {[%csl Ge7][%cal Re5g7][%mdl 576] Double Attack} Bf7 26. Rdxd7 {Rxf7! is the strong threat.} Rfe8 $1 {And now ...Qxd7! would win.} 27. Qf4 Qf6 $1 {[%cal Rf6f4]} 28. Rxe8+ (28. Qe3 $5) 28... Rxe8 {[%cal Re8e1]} 29. Qd2 Qe6 30. Rd8 h6 31. Rxe8+ (31. a3 {with more complications.} Rxd8 32. Qxd8+ Kh7 33. Qd1 Bg6 34. h3) 31... Qxe8 32. a3 Qa4 33. Qc1 Bg6 34. Nf3 Qb3 35. Ne5 Bc2 36. Ng4 a4 37. h3 (37. c4 $5) 37... Bf5 38. Ne5 Kh7 ({Black should play} 38... c4 $14) 39. Kh2 (39. c4 $1 $16) 39... Qa2 40. Kg1 (40. Kg3 $14) 40... Kg8 (40... Qb3 $1 $11 {remains equal.}) 41. Qf4 Qxa3 $2 (41... Bc2 $16) 42. Qxf5 $18 Qxc3 $2 (42... Qb3 43. Nd7 a3) 43. Nc6 {Intending Ne7+ and mate.} Kh8 {If Black can now play ...a3 this consolidates a bit.} 44. Qf7 Qb3 45. Qe8+ Kh7 46. Qe4+ Kh8 47. Na5 $1 {[%cal Ra5b3]} Qd1+ 48. Kh2 Qd6+ 49. f4 a3 {[#] intending ...a2.} 50. Qa4 (50. Nc4 $142 $1 Qa6 51. Ne5) 50... c4 51. Qxc4 Qd2 (51... Kh7 {keeps fighting.} 52. Qa2 Kh8) 52. Nb3 Qe3 53. Nc1 h5 (53... g5 {was necessary.} 54. Ne2 Qa7) 54. h4 Qe7 55. Qc8+ Kh7 56. Qf5+ g6 57. Qh3 Qf7 58. f5 $2 (58. Qe3 $18 {Threatens to win with g3.} a2 59. Nxa2 $1 {[%mdl 576] Deflection} Qxa2 60. Qe7+ Kh6 61. Qf8+ Kh7 62. f5 gxf5 63. Qxf5+ {[%mdl 64] Double Attack} Kg8 64. Qg5+ Kf8 65. Qh6+ Kg8 66. Qg5+ Kf8 67. Qxh5) 58... Qc7+ $11 59. Qg3 Qxc1 60. Qxg6+ {[%mdl 4160] Endgame Double Attack. KQ-KQ} Kh8 61. Qxh5+ Kg7 62. Qg6+ Kf8 63. Qf6+ Ke8 $2 (63... Kg8 $11) 64. Qe6+ $2 (64. Qe5+ $18 Kf7 65. f6) 64... Kf8 $1 65. Qd6+ Kf7 $1 66. Qe6+ Kf8 67. Qf6+ Kg8 68. Qe5 {Hoping for f6.} Kf7 $2 {[#]} (68... Qh6 $1 $11) 69. f6 $1 $18 {h5 would kill now.} Qc4 $2 (69... Qh6 70. Qe7+ {[%mdl 64] Double Attack} Kg6) 70. Qe7+ {[%mdl 64] Double Attack. White is clearly winning.} Kg6 71. Qg7+ Kf5 72. Qg5+ {Accuracy: White = 53%, Black = 44%.} 1-0

[Event "Grand Prix Moscow 2019"]
[Site "Moscow"]
[Date "2019.05.17"]
[Round "1.6"]
[White "Wei, Yi"]
[Black "Jakovenko, Dmitry"]
[Result "1/2-1/2"]
[WhiteElo "2736"]
[BlackElo "2708"]
[Annotator "TA"]
[PlyCount "45"]
[EventDate "2019.05.17"]
[EventType "k.o."]
[EventCountry "RUS"]
[SourceTitle "playchess.com"]
[Source "ChessBase"]
[SourceQuality "1"]

{[%evp 14,45,10,8,8,10,16,16,16,19,21,16,15,5,20,0,0,0,0,11,0,3,5,-31,0,0,0,0,0,0,0,0,0,0]} 1. Nf3 Nf6 2. c4 $146 ({Predecessor:} 2. g3 d5 3. Bg2 e6 4. O-O c5 5. c4 d4 {0-1 (72) Rahman,Z (2495)-Kravtsiv,M (2655) Bhubaneswar 2018}) 2... e6 3. g3 d5 4. Bg2 d4 5. e3 c5 6. O-O Nc6 7. exd4 cxd4 8. d3 Bd6 {A13: English Opening: 1...e6} 9. Bg5 h6 10. Bxf6 $1 Qxf6 11. Nbd2 {[%cal Bb1d2,Bd2e4,Be4c5,Bc5e6][%mdl 32]} Qe7 12. a3 a5 $1 13. Ne4 Bc7 14. b4 axb4 15. axb4 Rxa1 16. Qxa1 {With the idea b5.} f5 17. Nc5 O-O 18. Re1 (18. Rb1 {looks sharper.} Nxb4 19. Rxb4 Qxc5 20. Rb5 Qd6 21. Qxd4 Rd8 22. Qxd6 Rxd6 23. Ne1) 18... Nxb4 {[#]} (18... Rd8 {is interesting.} 19. Rb1 Nxb4 20. Rxb4 Qxc5 21. Rb5 Qe7) 19. Nxe6 $1 {[%mdl 576] Double Attack. The position is equal.} Nc2 ({Of course not} 19... Bxe6 $6 20. Nxd4 f4 21. Rxe6 $16) 20. Nxf8 Qxe1+ $1 21. Qxe1 Nxe1 22. Nxe1 {Threatens to win with Ng6.} Kxf8 23. Bd5 {Accuracy: White = 44%, Black = 97%.} 1/2-1/2

[Event "Grand Prix Moscow 2019"]
[Site "Moscow"]
[Date "2019.05.17"]
[Round "1.7"]
[White "Vitiugov, Nikita"]
[Black "Svidler, Peter"]
[Result "1/2-1/2"]
[WhiteElo "2734"]
[BlackElo "2739"]
[Annotator "TA"]
[PlyCount "35"]
[EventDate "2019.05.17"]
[EventType "k.o."]
[EventCountry "RUS"]
[SourceTitle "playchess.com"]
[Source "ChessBase"]
[SourceQuality "1"]

{[%evp 9,35,-5,6,0,3,0,0,0,5,7,19,-11,0,11,14,25,34,25,40,34,53,47,45,34,57,34,79,67]} 1. c4 g6 2. Nc3 c5 3. g3 Bg7 4. Bg2 Nc6 5. b3 e5 6. Bb2 {A36: Symmetrical English vs ...g6: 4 Bg2 Bg7} Nge7 7. e3 d6 8. Nge2 {The position is equal.} O-O (8... Be6 9. Nd5 Bxd5 10. cxd5 Nb4 11. d4 exd4 12. exd4 {½-½ (34) Morozevich,A (2724)-Inarkiev,E (2688) Sochi 2014}) 9. d3 Rb8 10. h4 $146 ({Predecessor:} 10. Qd2 a6 11. Nd5 b5 12. O-O Be6 13. f4 f5 14. Rac1 b4 15. Nxe7+ Nxe7 16. fxe5 dxe5 17. d4 Qc7 18. d5 Rbd8 19. e4 Qd6 20. Rce1 fxe4 21. Rxf8+ Rxf8 {1-0 (43) Schmidt,G (2347)-Fedorovsky,M (2401) Austria 2013}) 10... h6 11. Qd2 Bg4 12. O-O-O a6 13. f3 Be6 14. h5 d5 15. cxd5 Nxd5 16. hxg6 fxg6 17. Kb1 Qe7 {[#]} 18. f4 $1 {Accuracy: White = 78%, Black = 42%.} 1/2-1/2

[Event "Grand Prix Moscow 2019"]
[Site "Moscow"]
[Date "2019.05.17"]
[Round "1.8"]
[White "Wojtaszek, Radoslaw"]
[Black "Mamedyarov, Shakhriyar"]
[Result "1-0"]
[WhiteElo "2724"]
[BlackElo "2781"]
[Annotator "TA"]
[PlyCount "133"]
[EventDate "2019.05.17"]
[EventType "k.o."]
[EventCountry "RUS"]
[SourceTitle "playchess.com"]
[Source "ChessBase"]
[SourceQuality "1"]

{[%evp 18,133,17,15,2,10,10,0,24,-26,20,20,25,11,18,14,19,-79,-87,-100,-89,-122,-62,-70,-52,-52,-46,-29,-43,-38,-29,-32,-40,-64,-70,-129,-126,-119,-100,-115,-92,-100,-97,-93,-96,-94,-64,-136,-95,-227,-127,-123,-128,-144,-99,-147,-130,-134,-102,-102,-102,-102,-102,-110,0,-127,-135,-120,-139,-139,-111,-172,-81,-122,-121,-108,-95,-95,-95,-123,-116,-112,-90,-115,-74,-117,-85,-166,-157,-191,-197,-175,-95,-133,0,0,354,330,363,374,367,358,354,347,601,585,585,583,615,615,607,599,1062,1070,993,908,852,804]} 1. d4 Nf6 2. c4 g6 3. Nc3 d5 4. Bf4 Bg7 5. e3 c5 6. dxc5 Qa5 7. Rc1 dxc4 8. Bxc4 O-O 9. Nge2 Qxc5 10. Qb3 Qa5 {D82: Grünfeld: 4 Bf4} 11. O-O Nbd7 12. Nb5 $146 ({Predecessor:} 12. Rfd1 Nc5 13. Qb5 Qxb5 14. Nxb5 Be6 15. Bxe6 Nxe6 16. Be5 Rfc8 17. Ned4 Nxd4 18. Nxd4 {½-½ (30) Matlakov,M (2691)-Li,C (2730) Novi Sad 2016}) 12... Ne4 {The position is equal.} 13. Bc7 b6 (13... Nb6 $5 {[%cal Re4d2]} 14. Nxa7 Nd2 15. Bxf7+ (15. Qxb6 Qxa7 16. Rfd1 Qxb6 $15) 15... Rxf7 16. Qxb6 Qxb6 17. Bxb6 Nxf1 18. Rxc8+ Rxc8 19. Nxc8 Nd2 $15) 14. Bxf7+ {[%mdl 64] Decoy} Rxf7 15. Qd5 {[%mdl 64] Double Attack} Nec5 16. Qxa8 Qxb5 {[%mdl 64] Double Attack} 17. Nd4 (17. Qxc8+ $11 {keeps the balance.} Rf8 18. Bd8) 17... Qa6 $17 18. b4 Nd3 19. Rcd1 {Rxd3! is the strong threat.} Nb2 (19... Nxb4 $17 {White must now prevent ...Rf8.} 20. a3 Na2) 20. Rb1 $15 Bxd4 21. exd4 Nc4 $1 22. Rbc1 b5 23. a4 Qb7 24. Qxb7 Bxb7 25. axb5 Na3 26. f4 (26. b6 $15 axb6 27. f3) 26... Nxb5 $17 27. Be5 Rf8 28. g3 Kf7 29. f5 g5 30. g4 a6 31. Kf2 Nf6 32. Rg1 (32. Bxf6 $1 $15 exf6 33. Rc5) 32... Rh8 33. Ke2 (33. h4 $17 gxh4 34. g5 Ne4+ 35. Ke3) 33... h6 ({Black should try} 33... h5 $1 $19 34. h4 gxh4) 34. h3 Rd8 35. Rc4 Rg8 36. Re1 Nd5 37. Kf2 Rd8 38. Kg3 Ndc3 39. Kh2 Ne4 40. Re2 Nec3 (40... Rd7 $17) 41. Re3 (41. Re1 $1 $11 {was the only way to keep the balance.}) 41... Nd5 42. Re2 Rd7 43. Kg3 Nf6 44. h4 (44. Kf2 $17) 44... Rd8 (44... Nd6 $1 $19 45. Rc1 Nde4+ 46. Kh3 h5 47. gxh5 g4+ 48. Kh2 Nxh5) 45. hxg5 hxg5 46. Bxf6 exf6 47. Rh2 Kg7 48. Rd2 Rd7 49. Rc1 Bd5 50. Kf2 Kf7 51. Rc5 Ke7 52. Re2+ (52. Rc8 $17) 52... Kd6 $19 53. Re8 Nxd4 54. Ra5 {[#]} Bb7 (54... Nc6 $1 $19 {[%cal Rc6a5]} 55. Rxa6 Rb7) 55. Ra3 Kd5 (55... Re7 $17 56. Rd8+ Ke5) 56. Rc3 $1 $11 {Threatens to win with Ke3.} Bc6 $2 {[%mdl 8192]} (56... Nb5 $11 {and Black stays safe.} 57. Rc1 Nc7) 57. Ke3 $18 Nb3 {[#]} 58. Re6 $1 ({Weaker is} 58. Rxb3 Kc4 $14) 58... Bb5 59. Rxb3 {[%mdl 4096] Endgame aiming for Rc3. KRR-KRB} Kc4 60. Rb1 Kc3 $2 (60... Rd3+ 61. Kf2 Rd2+ 62. Kf3 Rd3+ 63. Re3 Rd8 64. Rc1+ Kxb4 65. Re4+ Ka3) 61. Rxf6 {White is clearly winning.} Rd3+ 62. Ke4 Rd4+ 63. Ke5 {Strongly threatening Rc1+.} Rxg4 64. Rb6 Bd3 65. Rc6+ Kd2 66. Rb2+ Ke3 67. f6 {Accuracy: White = 42%, Black = 41%.} 1-0

[Event "Grand Prix Moscow 2019"]
[Site "Moscow"]
[Date "2019.05.20"]
[Round "2.1"]
[White "Grischuk, Alexander"]
[Black "So, Wesley"]
[Result "1/2-1/2"]
[WhiteElo "2772"]
[BlackElo "2754"]
[Annotator "TA"]
[PlyCount "56"]
[EventDate "2019.05.17"]
[EventType "k.o."]
[EventCountry "RUS"]
[SourceTitle "playchess.com"]
[Source "ChessBase"]
[SourceQuality "1"]

{[%evp 13,56,0,0,0,2,-10,15,15,15,15,15,15,20,22,13,13,16,18,20,7,16,11,11,0,10,7,9,2,24,20,21,3,3,3,5,3,3,6,1,0,0,0,0,0,0]} 1. d4 Nf6 2. c4 e6 3. Nf3 d5 4. Nc3 Be7 5. Bf4 O-O 6. e3 b6 7. cxd5 Nxd5 8. Nxd5 {D37: Queen's Gambit Declined: 5 Bf4} Qxd5 9. Be2 (9. Bd3 Qa5+ 10. Kf1 Ba6 11. Bxc7 Bxd3+ 12. Qxd3 Na6 13. Bg3 Nb4 14. Qe2 Rfc8 15. a3 Qa4 {0-1 (54) Caruana,F (2832)-Nakamura,H (2746) London 2018}) 9... Qa5+ 10. Nd2 $1 Ba6 11. O-O c5 12. Nc4 $146 ({Predecessor:} 12. Nb3 Bxe2 13. Qxe2 Qa6 14. Qf3 Nd7 15. Rfd1 c4 {1-0 (35) Mansner,H (2293)-Myller,J (2208) Finland 2018}) 12... Bxc4 $1 13. Bxc4 {Black must now prevent d5.} cxd4 14. exd4 {Threatening d5.} Nc6 15. d5 exd5 16. Qxd5 Qxd5 17. Bxd5 Rac8 18. Rad1 Rfd8 19. g3 Bf6 20. Kg2 h5 21. b3 g5 {The position is equal.} 22. Be3 Nb4 23. Bb7 Rc7 {[#] aiming for ...Rxd1.} 24. Rxd8+ Bxd8 25. Rd1 Bf6 26. Bf3 g4 27. Be2 Nxa2 28. Bf4 Rc2 {Accuracy: White = 58%, Black = 82%.} 1/2-1/2